The Buddhist way of life / (Record no. 25390)

MARC details
000 -LEADER
fixed length control field 00856cam a22002891 4500
001 - CONTROL NUMBER
control field 404326
003 - CONTROL NUMBER IDENTIFIER
control field BDDh-ASL
005 - DATE AND TIME OF LATEST TRANSACTION
control field 20231015030502.0
008 - FIXED-LENGTH DATA ELEMENTS--GENERAL INFORMATION
fixed length control field 700427s1969 enk b 000 0 eng
010 ## - LIBRARY OF CONGRESS CONTROL NUMBER
LC control number 79385518
015 ## - NATIONAL BIBLIOGRAPHY NUMBER
National bibliography number B69-05406
020 ## - INTERNATIONAL STANDARD BOOK NUMBER
International Standard Book Number 0042940591
040 ## - CATALOGING SOURCE
Original cataloging agency DLC
Transcribing agency DLC
Modifying agency DLC
-- BDDh-ASL
050 00 - LIBRARY OF CONGRESS CALL NUMBER
Classification number BL1451.2
Item number .H79 1969b
082 00 - DEWEY DECIMAL CLASSIFICATION NUMBER
Classification number 294.3
Item number HUB
100 1# - MAIN ENTRY--PERSONAL NAME
Personal name Humphreys, Christmas,
Dates associated with a name 1901-1983.
245 14 - TITLE STATEMENT
Title The Buddhist way of life /
260 ## - PUBLICATION, DISTRIBUTION, ETC.
Place of publication, distribution, etc. London :
Name of publisher, distributor, etc. published for the Buddhist Society by Allen & Unwin,
Date of publication, distribution, etc. 1969.
300 ## - PHYSICAL DESCRIPTION
Extent 3-224 p. :
Dimensions 23 cm.
350 ## - PRICE (NR) (BK AM CF MU VM SE) [OBSOLETE]
Price 40/-
504 ## - BIBLIOGRAPHY, ETC. NOTE
Bibliography, etc. note Bibliographical footnotes.
650 #0 - SUBJECT ADDED ENTRY--TOPICAL TERM
Topical term or geographic name entry element Religious life
General subdivision Buddhism.
650 #0 - SUBJECT ADDED ENTRY--TOPICAL TERM
Topical term or geographic name entry element Buddhism
General subdivision Doctrines.
710 2# - ADDED ENTRY--CORPORATE NAME
Corporate name or jurisdiction name as entry element Buddhist Society (London, England)
906 ## - LOCAL DATA ELEMENT F, LDF (RLIN)
a 7
b cbc
c orignew
d u
e ncip
f 19
g y-gencatlg
942 ## - ADDED ENTRY ELEMENTS (KOHA)
Source of classification or shelving scheme Dewey Decimal Classification
Koha item type Books
Holdings
Withdrawn status Lost status Source of classification or shelving scheme Damaged status Not for loan Collection code Home library Current library Shelving location Date acquired Source of acquisition Total Checkouts Full call number Barcode Date last seen Copy number Price effective from Koha item type
    Dewey Decimal Classification     Non-fiction Asiatic Society Library Asiatic Society Library Sirajul Islam Collection 07/14/2021 Donated by Professor Sirajul Islam, FRHS   294.3 HUB 110152 07/14/2021 C-1 07/14/2021 Books

Powered by Koha